Environmental appraisal : volume 1

Bibliographic Details
Main Author: Markandey, Dilip Kumar
Other Authors: Markandey, Neelima Rajvaidya
Format: Book
Published: New Delhi : APH Publishing , 2006
Subjects:

MARC

LEADER 00000cam a2200000 7i4500
001 0000023446
005 20090115.0
008 080911
020 |a 8131300072 
090 0 0 |a 344.03   |b MAR 
100 1 |a Markandey, Dilip Kumar 
245 1 0 |a Environmental appraisal :   |b volume 1   |c Dilip Kumar Markandey ; Neelima Rajvaidya Markandey 
260 |a New Delhi :   |b APH Publishing ,   |c 2006 
650 0 |a Environmental law   |x dictionaries 
700 1 |a Markandey, Neelima Rajvaidya 
999 |a 0001036867   |b Book   |c REFERENCE   |e Perbadanan Perpustakaan Awam Johor